Planetas (Registo nº 3566)

Detalhes MARC
000 -Etiqueta do registo
Cabeçalho 00947ngm0a2200301 4500
005 - Identificador da versão
Campo de controlo 20240813122005.0
021 ## - Número do Depósito Legal
Código do país PT
071 0# - Número do editor (registos sonoros e música) 
Número do editor 10640/01
100 ## - Dados gerais de processamento
Dados gerais de processamento 20050630d2001 bc y0pory5003 ba
102 ## - Pais de publicação ou produção
País de publicação Portugal
101 0# - Língua de publicação
Língua do texto, banda sonora, etc. Português
Língua do documento no original Inglês
Língua das legendas Português
115 ## - Campo de dados codificados: Projecções Visuais, Filmes e Vídeos
Dados modificados - geral b063bbz zzzz zzxxc
215 ## - Descrição física 
Indicação específica da natureza do documento e extensão da espécie 1 DVD (PAL 2) (45 min.)
Outras indicações físicas col., son.
200 1# - Titulo e menção de responsabilidade
Título próprio Planetas
Indicação geral da natureza do documento Registo vídeo
Primeira menção de responsabilidade Dorling Kindersley
225 2# - Colecção 
Título próprio da colecção Enciclopédia visual
210 ## - Publicação, Distribuição, etc. 
Lugar da edição, distribuição, etc. PT
Nome do editor, distribuidor, etc. Costa do Castelo
Data da publicação, distribuição, etc. 2001
306 ## - Notas relativas a publicação, distribuição, etc. 
Texto da nota Distribuidor cinema: Costa do Castelo
305 ## - Notas relativas à edição e história bibliográfica da publicação 
Texto da nota Data de lançamento: 2001
327 1# - Nota de conteúdo 
Texto da nota Conteúdo: Legendas: português, inglês e espanhol ; Idiomas: português, inglês e espanhol ; Material de Bónus: jogos.
606 ## - Nome comum usado como assunto
Número de registo de entrada de autoridade 0002836
Palavra de ordem Enciclopédia visual
610 1# - Termos de indexação não controlados
Subject Term DVD enciclopédia
702 #1 - Nome de autor-pessoa física (responsabilidade secundária)
Número de registo de entrada de autoridade 0002837
Palavra de ordem Dorling Kindersley
Código de função Diretor / Director teatral / Realizador
942 ## - Elementos de entrada adicionados (Koha)
Tipo de item no Koha Livro
Exemplares
Situação do levantamento Origin of item (home branch) (coded) Biblioteca de empréstimo Código de barras Cota Circulation type (not for loan) Tipo de documento Nota do exemplar Damaged status
  Biblioteca Escolar da Coca Maravilhas Biblioteca Escolar da Coca Maravilhas BECM7d/04 NF PLA   DVD Sem mensagem